00478 2200181 4500001002100000005001500021035002000036008004100056245007800097100002000175250000600195260003600201300001100237084001400248082000800262650001400270990001200284INLIS00000000000016720240502110443 a0010-0424000143240502 0 ind 1 aMengembangkan Nilai Luhur Dengan Permainan Tradisional /cSujiartiningsih aSujiartiningsih a1 aBanten :bPantja Simpati,c2011 a60 hlm a700 SUJ m a700 4aNon Fiksi a0732488